1734 1486 1139 1849 1231 1483 1009 1388 1155 1780 1117 1606 1502 1055 1526 1032 1744 1053 1968 1464 1636 1372 1506 1162 1725 1070 1101 1846 1310 1250 1266 1095 1801 1894 1050 1968 1303 1332 1100 1472 1436 1666 1218 1141 1411 1365 1674 1689 1609 1243 1939 1346 1550 1052 1172 1475 1066 1146 1652 1814 1679 1742 1639 1827 1011 1907 1281 1193 1931 1482 1769 1711 1098 1120 1144 1814 1111 1175 1986 1998 1073 1948 1157 1186 1386 1190 1626 1991 1759 1474 1044 1726 1843 1906 1904 1825 1808 1331 1914 BCNSPRNW ULIB Ver.6.0+V

เปลี่ยนเป็นภาษาไทย

Change to English
 แสดงรายละเอียดบรรณานุกรม
  กลับหน้าหลัก

Brief Record : Get Marc (ISO 2709) : E-mail record : QR code < ปิดหน้าต่าง
LEADER : 00000nam 2200000uu 4500
001    13399113040
003     ULIB
008    110922s2543||||th 000 0 tha d
020    9746351222
050  4 P306^bว215ค 2543
100 0  วรนาถ วิมลเฉลา
245 10 คู่มือสอนแปล /^cวรนาถ วิมลเฉลา
250    พิมพ์ครั้งที่ 8
260    กรุงเทพฯ :^bสำนักพิมพ์จุฬาลงกรณ์มหาวิทยาลัย,^c2543
300    280 หน้า ;^c21 ซม.
650  4 การแปลและการตีความ^xการศึกษาและการสอน
945    ^p85^l0^i012515
995    ทศพร
999 ^a ทศพร
รายการนี้ยังไม่มีแท็ก
คุณยังไม่ได้ล็อกอิน คุณสามารถมีกิจกรรมร่วมกับเว็บไซต์ได้ แต่ต้องล็อกอินก่อน ::
  ล็อกอิน

รายการสื่อสารสนเทศ

ลำดับที่ ประเภท เลขเรียก/บาร์โค้ด สถานที่ สถานะ
- ไม่พบข้อมูล -

BibComment


ยังไม่เคยถูกคอมเมนท์

คอมเมนท์ทรัพยากรรายการนี้
  คอมเมนท์: คู่มือสอนแปล วรน..


 Copyright 2026. Bcnsprnw @Library